[Event "ChessHouse GM December 2020"]
[Site "Aarhus"]
[Date "2020.12.03"]
[Round "7.5"]
[White "Danielsen, Henrik"]
[Black "Heimisson, Hilmir Freyr"]
[Result "1-0"]
[WhiteElo "2517"]
[BlackElo "2318"]
[Annotator "ChessBase"]
[PlyCount "77"]
[EventDate "2020.11.29"]
[EventType "tourn"]
[EventCountry "DEN"]
[SourceTitle "playchess.com"]
[Source "ChessBase"]
[SourceQuality "1"]
[TimeControl "40/5400+30:1800+30"]

1. d4 {[%emt 0:00:00]} Nf6 {[%emt 0:00:08]} 2. Nf3 {[%emt 0:00:53]} e6 {[%emt 0:02:42]} 3. c4 {[%emt 0:03:51]} c5 {[%emt 0:01:47]} 4. e3 {[%emt 0:01:06]} cxd4 {[%emt 0:04:13]} 5. exd4 {[%emt 0:00:16]} d5 {[%emt 0:00:04]} 6. a3 {[%emt 0:02:26]} Nc6 {[%emt 0:05:34]} 7. Nc3 {[%emt 0:00:18]} Bd6 {[%emt 0:03:06]} 8. c5 {[%emt 0:01:27]} Bc7 {[%emt 0:01:00]} 9. b4 {[%emt 0:00:49]} e5 {[%emt 0:05:23]} 10. dxe5 {[%emt 0:01:19]} Nxe5 {[%emt 0:03:10]} 11. Bb5+ {[%emt 0:00:09]} Bd7 {[%emt 0:00:52]} 12. O-O {[%emt 0:00:09]} O-O {[%emt 0:01:41]} 13. Bxd7 {[%emt 0:05:26]} Qxd7 {[%emt 0:01:35]} 14. Bg5 {[%emt 0:00:32]} Rad8 {[%emt 0:06:47]} 15. Bxf6 {[%emt 0:01:51]} gxf6 {[%emt 0:00:06]} 16. Nd4 {[%emt 0:00:19]} Kh8 {[%emt 0:03:54]} 17. f4 {[%emt 0:01:26]} Ng6 {[%emt 0:05:08]} 18. g3 {[%emt 0:01:26]} Rg8 {[%emt 0:04:11]} 19. Kh1 {[%emt 0:00:30]} Qh3 {[%emt 0:14:00]} 20. Qf3 {[%emt 0:00:31]} Ne7 {[%emt 0:11:18]} 21. Rad1 {[%emt 0:00:41]} Rg4 {[%emt 0:05:40]} 22. Nce2 {[%emt 0:10:40]} a6 {[%emt 0:05:06]} 23. Qe3 {[%emt 0:10:38]} Ng6 {[%emt 0:03:18]} 24. Rf2 {[%emt 0:02:14]} Qh5 {[%emt 0:01:14]} 25. Qf3 {[%emt 0:04:55]} Rg8 {[%emt 0:07:19]} 26. Nc2 {[%emt 0:07:22]} Bxf4 {[%emt 0:02:55]} 27. gxf4 {[%emt 0:08:07]} d4 {[%emt 0:00:31]} 28. Ncxd4 {[%emt 0:02:16]} Nh4 {[%emt 0:00:32]} 29. Qxb7 {[%emt 0:03:10]} R4g6 {[%emt 0:00:29]} 30. Qe4 {[%emt 0:06:20]} Qg4 {[%emt 0:00:38]} 31. Nf3 {[%emt 0:01:50]} f5 {[%emt 0:00:31]} 32. Qd4+ {[%emt 0:00:33]} f6 {[%emt 0:00:18]} 33. Nxh4 {[%emt 0:00:54]} Qxh4 {[%emt 0:00:29]} 34. Rg1 {[%emt 0:01:03]} Qh3 {[%emt 0:00:48]} 35. Rxg6 {[%emt 0:01:04]} Rxg6 {[%emt 0:00:01]} 36. Qc3 {[%emt 0:01:01]} Qh4 {[%emt 0:00:56]} 37. Qf3 {[%emt 0:00:23]} Rg8 {[%emt 0:00:19]} 38. Rg2 {[%emt 0:01:06]} Re8 {[%emt 0:00:27]} 39. Qg3 {[%emt 0:00:44]} 1-0

[Event "ChessHouse GM December 2020"]
[Site "Aarhus"]
[Date "2020.12.04"]
[Round "8.1"]
[White "Thybo, Jesper Sondergaard"]
[Black "Danielsen, Henrik"]
[Result "1/2-1/2"]
[WhiteElo "2565"]
[BlackElo "2517"]
[Annotator "TA"]
[PlyCount "113"]
[EventDate "2020.11.29"]
[EventType "tourn"]
[EventCountry "DEN"]
[SourceTitle "playchess.com"]
[Source "ChessBase"]
[SourceQuality "1"]

{[%evp 16,113,14,20,22,21,26,30,19,0,7,-5,-2,-7,-7,-13,0,-10,0,-8,5,6,36,35,25,-15,41,27,45,19,20,23,14,23,58,49,68,55,62,28,31,28,38,27,23,23,58,35,29,0,72,16,71,18,36,28,28,19,36,0,39,15,62,40,2,-134,-139,-123,0,0,0,0,0,0,0,0,0,0,0,0,0,0,0,-8,-8,-8,-8,-18,-18,-18,-18,-25,-8,-8,-8,-8,-8,-8,-8,-8]} 1. Nf3 d5 2. d4 Nf6 3. c4 c6 4. cxd5 cxd5 5. Nc3 Nc6 6. Bf4 a6 7. Ne5 e6 8. e3 Nxe5 9. Bxe5 Bd7 {is the legacy move (9...Bd6). D13: Slav Defence: Exchange variation without ...Bf5.} 10. Bd3 Bc6 11. O-O Be7 {White has an edge.} 12. f4 (12. Qf3 {is more complex.} O-O 13. Rab1 Nd7 14. Bg3 Rc8 15. Rfc1) 12... O-O {[#]} 13. Bxf6 $146 ({Predecessor:} 13. f5 Bd6 14. Qf3 Bxe5 15. dxe5 d4 16. Qh3 dxc3 17. Rad1 Nh5 18. fxe6 g6 19. exf7+ {1-0 (29) Rakhmanov,A (2590)-Panarin,M (2531) Pardubice 2010}) 13... Bxf6 14. g4 g6 15. Rf2 Bg7 16. g5 Qe7 17. Rc1 Rfc8 18. h4 Rc7 19. h5 Rac8 20. Rfc2 {[#]} Qb4 (20... e5 $1 $11 {[%mdl 512]} 21. dxe5 Bxe5 22. fxe5 Qxg5+ 23. Kf2 d4 {[%mdl 64] Decoy} 24. exd4 Qf4+ {[%mdl 64] Double Attack} 25. Ke1 Qxd4) 21. Kh2 Bf8 22. Qg4 Bb5 23. Bxb5 axb5 24. Kg3 Qe7 {Strongly threatening ...b4.} 25. a3 Rc6 26. hxg6 fxg6 27. Rh2 b4 28. axb4 Qxb4 29. Qh3 {[%csl Gh2][%cal Rh3h7]} R8c7 30. Ra1 Qe7 31. Nb5 Rd7 $1 32. Nc3 Rdc7 33. Kf3 ({White should play} 33. Nd1 $16) 33... Rc8 (33... Qd8 $11) 34. Qg4 (34. Rah1 $16) 34... Qe8 35. Rah1 R8c7 36. Qh3 Rf7 37. Qg4 Ra6 38. Rh4 b5 39. Qh3 {[%cal Rh4h7]} Raa7 40. Nxb5 (40. Qf1 $11) 40... Qxb5 $17 41. Qxe6 {[#] Black must now prevent Rxh7.} Qd3 ({Better is} 41... Rae7 $1 $17 {[%cal Re7e6]} 42. Qxg6+ Rg7) 42. Rxh7 $1 $11 {Rh8+ would kill now.} Qe4+ $1 {[%mdl 64] Double Attack} 43. Kf2 {White wants to mate with Rh8+.} Bg7 $1 ({Weaker is} 43... Qxe6 44. Rh8+ Kg7 45. R1h7#) 44. Rxg7+ Kxg7 45. Qh3 {[%csl Gh1][%cal Rh3h8]} Rxf4+ 46. exf4 Qxf4+ {[%mdl 4096] Endgame KQR-KQR} 47. Kg2 Qd2+ 48. Kg3 {Intending Qh8+ and mate.} Qxg5+ 49. Qg4 Qe3+ 50. Qf3 Qxd4 51. Rf1 {Threatening mate with Qf8+.} Qe5+ 52. Qf4 Qxf4+ 53. Rxf4 Rb7 54. b4 {The position is equal.} Rb6 55. Kh4 Rd6 56. Kg4 d4 57. b5 {Weighted Error Value: White=0.18/Black=0.14} 1/2-1/2

[Event "ChessHouse GM December 2020"]
[Site "Aarhus"]
[Date "2020.12.04"]
[Round "8.2"]
[White "Bjerre, Jonas Buhl"]
[Black "Nilssen, Ellen Fredericia"]
[Result "1-0"]
[WhiteElo "2551"]
[BlackElo "2174"]
[Annotator "TA"]
[PlyCount "85"]
[EventDate "2020.11.29"]
[EventType "tourn"]
[EventCountry "DEN"]
[SourceTitle "playchess.com"]
[Source "ChessBase"]
[SourceQuality "1"]

{[%evp 10,84,50,30,39,20,28,25,47,43,84,79,89,81,93,72,76,69,101,97,104,91,105,58,58,53,44,58,55,49,123,55,92,78,82,52,82,79,73,72,108,86,112,79,79,83,89,91,208,69,222,226,304,327,320,330,322,318,280,306,385,363,542,475,727,652,816,803,1140,1110,1041,1034,1002,868,29985,29986,29999]} 1. e4 e6 2. d4 d5 3. Nc3 Bb4 4. e5 b6 5. a3 Bf8 6. h4 Ne7 {C16: French: 3 Nc3 Bb4 4 e5: Lines without ...c5.} 7. h5 h6 $1 8. f4 Qd7 {White has an edge.} 9. Nf3 Ba6 10. Bxa6 Nxa6 {[#]} 11. Qe2 $146 ({Predecessor:} 11. Be3 O-O-O 12. Qe2 Kb7 13. Bf2 Rc8 14. b4 Qc6 15. Nd1 Qc4 16. Qxc4 dxc4 17. b5 {0-1 (61) Saric,I (2669)-Jussupow,A (2582) Katowice 2017}) 11... Nb8 {[%cal Ba6b8,Bb8c6,Bc6a5,Ba5c4][%mdl 32]} 12. g4 Nbc6 13. Be3 O-O-O 14. O-O-O Kb8 15. Rhf1 Na5 16. Nh4 Nc4 17. f5 Nc6 {[#] And now ...Bxa3! would win.} 18. fxe6 Qxe6 19. Ng2 N6a5 (19... Nxe3 $14 20. Qxe3 (20. Nxe3 Be7 $11) 20... Be7) 20. Rd3 (20. Kb1 $16) 20... Be7 21. Kb1 Nxe3 22. Rxe3 Bg5 {[#]} 23. Nf4 $1 {[%cal Rf4e6]} Bxf4 24. Rxf4 Nc4 25. Ref3 Rd7 26. b3 Na5 27. Qf1 {[%cal Rf4f7]} Rf8 28. Qd3 $36 {[%mdl 2048] Black is under strong pressure.} c5 (28... Rh8 $16) 29. Qf5 (29. Qh7 $18) 29... Qxf5 $2 {This move loses the game for Black.} (29... Rfd8 $14) 30. Rxf5 $18 (30. gxf5 $6 Rc8 $16) 30... Re8 31. Rxf7 Rxf7 32. Rxf7 cxd4 {[%mdl 4096] Endgame KRN-KRN} 33. Nb5 ({Not} 33. Nxd5 Rxe5 34. Nb4 Rg5 $16) 33... Rxe5 34. Rxg7 ({Inferior is} 34. Rxa7 Rg5 $11) ({Don't take} 34. Nxd4 $6 Re4 $16) 34... d3 35. cxd3 Nxb3 (35... Nc6 {was necessary.} 36. Rg6 Re1+ 37. Kc2 Ne5) 36. g5 d4 (36... a6 $142 37. Nd6 hxg5) 37. Nxa7 {Nc6+ would kill now.} Rc5 38. gxh6 Na5 39. h7 Rxh5 40. a4 Rh1+ 41. Kc2 Nc6 42. Nxc6+ Ka8 43. Ra7# {Weighted Error Value: White=0.15/Black=0.53} 1-0

[Event "ChessHouse GM December 2020"]
[Site "Aarhus"]
[Date "2020.12.04"]
[Round "8.3"]
[White "Ramsdal, Jens Albert"]
[Black "Olsen, Filip Boe"]
[Result "0-1"]
[WhiteElo "2292"]
[BlackElo "2354"]
[Annotator "TA"]
[PlyCount "58"]
[EventDate "2020.11.29"]
[EventType "tourn"]
[EventCountry "DEN"]
[SourceTitle "playchess.com"]
[Source "ChessBase"]
[SourceQuality "1"]

{[%evp 9,58,0,0,-12,-11,-22,-26,-16,-11,-16,8,-6,0,-6,-4,-4,2,-31,-24,-25,-9,-12,-10,-10,0,0,0,0,0,-95,-127,-102,-115,-185,-183,-183,-180,-182,-169,-201,-201,-222,-191,-452,-123,-122,-96,-102,-93,-445,-445]} 1. d4 d5 2. c4 e6 3. Nc3 c6 4. cxd5 exd5 5. Qc2 g6 6. e3 {D31: Queen's Gambit Declined: Semi-Slav without ...Nf6 (+ Marshall Gambit and Noteboom) and Exchange Variation lines without ...Nf6.} Bf5 7. Bd3 Bxd3 8. Qxd3 {Black has an edge.} Nf6 9. Nge2 {[#]} Na6 $146 ({Predecessor:} 9... Bg7 10. O-O a5 11. f3 O-O 12. Bd2 Nbd7 13. Rad1 Re8 14. Bc1 Qe7 15. Ng3 h5 {0-1 (32) Barlov,D (2466)-Korneev,O (2561) El Sauzal 2003}) 10. a3 Bg7 11. O-O O-O 12. b4 Nc7 13. Bb2 Nce8 14. f3 Nd6 15. e4 $1 {[%cal Re4e5] Black must now prevent e5.} Nc4 16. Bc1 a5 17. Bg5 axb4 18. axb4 {Threatens to win with e5.} Qd7 19. Na4 (19. b5 $11) 19... Rxa4 {[%mdl 64] [#] Remove Defender, Decoy} 20. Rxa4 {Ra7 is the strong threat.} Nb2 $36 {[%mdl 2112] Double Attack. Black is on the roll.} 21. Qa3 (21. Qc2 $17 {was called for.} Nxa4 22. e5) 21... Nxa4 $19 22. e5 Nb6 {Hoping for ...Nc4.} 23. exf6 Ra8 24. Qc1 Bf8 25. g4 Qd6 26. Nf4 $2 (26. h4) 26... Nd7 $2 (26... h6 $19 {has better winning chances.} 27. Bh4 g5 28. Bxg5 hxg5) 27. Nd3 $17 Ra2 {[%csl Ga2][%cal Rd6h2] [#]} 28. Qf4 Qxf4 29. Nxf4 $4 {[%mdl 8192]} (29. Bxf4 $17 {was the crucial defense.} Nxf6 30. Nc5) 29... h6 {Accuracy: White = 66%, Black = 81%.} 0-1

[Event "ChessHouse GM December 2020"]
[Site "Aarhus"]
[Date "2020.12.04"]
[Round "8.4"]
[White "Georgescu, Lena"]
[Black "Haubro, Martin"]
[Result "1/2-1/2"]
[WhiteElo "2278"]
[BlackElo "2434"]
[Annotator "TA"]
[PlyCount "96"]
[EventDate "2020.11.29"]
[EventType "tourn"]
[EventCountry "DEN"]
[SourceTitle "playchess.com"]
[Source "ChessBase"]
[SourceQuality "1"]

{[%evp 12,96,16,6,43,46,29,41,34,33,48,21,22,22,25,31,36,31,31,32,18,-11,-8,-3,0,0,0,0,0,-15,12,13,15,-20,0,0,0,-12,0,0,0,-12,2,-8,-11,-10,0,0,0,-10,0,-5,0,0,0,0,0,0,0,0,0,0,0,0,0,0,0,0,0,0,0,0,0,0,0,0,0,0,0,0,0,0,0,0,0,0,0]} 1. e4 e5 2. Nf3 Nc6 3. Bb5 Nf6 4. O-O Nxe4 5. Re1 Nd6 6. Nxe5 Be7 7. Bf1 Nf5 {C67: Ruy Lopez: Berlin Defence: 4 0-0 Nxe4.} 8. Nf3 d5 9. d4 O-O {White is slightly better.} 10. c3 Nd6 11. Bd3 Bf5 {[#]} 12. Bf4 $146 {[#] Strongly threatening Bxd6.} ({Predecessor:} 12. Bxf5 Nxf5 13. Qd3 g6 14. Nbd2 Qd7 15. Nf1 Rfe8 16. Bf4 Bf6 17. h3 Bg7 18. N1h2 {½-½ (47) Imnadze,N (2082)-Olsarova,K (2224) Braila 2014}) 12... Bxd3 13. Qxd3 Qd7 14. Nbd2 Rae8 15. Ne5 Nxe5 16. Bxe5 {The position is equal.} c6 17. Re2 f6 18. Bf4 Bd8 19. Rae1 Rxe2 20. Rxe2 Qf5 21. Qxf5 Nxf5 22. Nf1 Kf7 23. Ng3 Ne7 24. f3 g6 25. Kf2 Nc8 26. Nf1 (26. Re1 {looks sharper.} Be7 27. Ne2 Nd6 28. h4 h5 29. Nc1) 26... Re8 27. Nd2 Rxe2+ 28. Kxe2 $11 {[%mdl 4096] Endgame KBN-KBN} Ke6 29. g4 Be7 30. Kd3 h5 31. h3 Nd6 32. Nf1 hxg4 33. hxg4 Nc4 34. b3 Bd6 35. Bxd6 (35. Bh6 {with more complications.} Nb6 36. Bd2 f5 37. gxf5+ Kxf5 38. Ne3+) 35... Nxd6 {KN-KN} 36. Ne3 Nf7 37. Ng2 f5 38. gxf5+ Kxf5 39. Ke3 Nd6 40. Ke2 Kg5 41. Ke3 Nf5+ 42. Kf2 Nd6 43. Ke3 a5 44. Ke2 Nb5 45. Kd3 b6 46. Kd2 Nd6 47. Ke3 Nf5+ 48. Kf2 Nd6 {Weighted Error Value: White=0.03/Black=0.04} 1/2-1/2

[Event "ChessHouse GM December 2020"]
[Site "Aarhus"]
[Date "2020.12.04"]
[Round "8.5"]
[White "Grigorian, Spartak"]
[Black "Heimisson, Hilmir Freyr"]
[Result "1-0"]
[WhiteElo "2433"]
[BlackElo "2318"]
[Annotator "TA"]
[PlyCount "89"]
[EventDate "2020.11.29"]
[EventType "tourn"]
[EventCountry "DEN"]
[SourceTitle "playchess.com"]
[Source "ChessBase"]
[SourceQuality "1"]

{[%evp 14,88,18,2,103,110,101,110,105,110,105,107,146,159,158,170,202,192,272,263,252,261,276,276,261,198,188,194,202,188,228,233,247,237,289,293,323,223,235,238,228,228,215,215,270,259,257,231,339,339,335,341,340,339,341,339,352,360,452,353,308,317,369,368,380,330,670,678,5838,5513,1460,1385,29997,29998,29998,29999,29999]} 1. d4 Nf6 2. c4 e6 3. Nc3 Bb4 4. e3 O-O 5. Bd2 d5 6. Nf3 c6 7. Bd3 Nbd7 8. O-O {With the idea Nxd5.} Re8 {[#] D46: Semi-Slav: 5 e3 Nbd7 6 Bd3, Black avoids the Meran.} (8... dxc4 $11 {remains equal.} 9. Bxc4 b6) 9. Nxd5 $1 $16 {[%mdl 64] Discovered Attack} exd5 10. Bxb4 a5 {White is better.} 11. Bc3 dxc4 12. Bxc4 {[#]} b5 $146 ({Predecessor:} 12... Nb6 13. Bd3 Bg4 14. h3 Bh5 15. Re1 Qd5 16. Be2 Ne4 17. Qb3 Qxb3 18. axb3 a4 {1-0 (27) Meller,E-Kaupat,T (1621) ICCF email 2011}) 13. Be2 b4 14. Bd2 Bb7 15. a3 Qb6 (15... c5 $142 16. dxc5 bxa3) 16. axb4 $18 axb4 17. Qb3 Nd5 18. Bc4 N7f6 19. Rfc1 Rxa1 20. Rxa1 c5 21. Qa4 cxd4 22. Nxd4 Qc7 23. Qb5 Nb6 24. Be2 Re5 25. Rc1 Qxc1+ 26. Bxc1 Rxb5 27. Bxb5 ({Don't do} 27. Nxb5 Ba6) 27... Bd5 28. f3 Ba2 29. Kf2 Nfd7 30. Bd2 b3 (30... Nc4 {is a better defense.} 31. Bxc4 (31. Bxd7 Nxd2 32. Bc6 Kf8 $18) (31. Bxb4 Nxb2 32. Kg3 Nf6 $18) 31... Bxc4) 31. Ba5 Kf8 32. e4 g6 33. Ke2 Ke7 34. Kd2 Kd6 35. Kc3 f5 {Now ...fxe4 and Black clings on.} 36. Nxb3 fxe4 37. fxe4 Ke5 38. Nd2 Be6 39. Kd3 Kf4 $2 (39... Nc8 40. Nf3+ Kd6) 40. Kd4 h5 41. Nf3 Kg4 42. Be2 {White threatens Bd2 and mate.} h4 43. Bd2 {[%csl Gd2][%cal Rf3g5] White mates.} h3 {[#]} 44. Ne5+ $1 {[%mdl 64] Double Attack, Discovered Attack (Double check)} Kh4 45. g3# {White took control after the opening. Accuracy: White = 84%, Black = 46%.} 1-0

[Event "ChessHouse GM December 2020"]
[Site "Aarhus"]
[Date "2020.12.05"]
[Round "9.1"]
[White "Heimisson, Hilmir Freyr"]
[Black "Thybo, Jesper Sondergaard"]
[Result "0-1"]
[WhiteElo "2318"]
[BlackElo "2565"]
[Annotator "TA"]
[PlyCount "82"]
[EventDate "2020.11.29"]
[EventType "tourn"]
[EventCountry "DEN"]
[SourceTitle "playchess.com"]
[Source "ChessBase"]
[SourceQuality "1"]

{[%evp 15,82,0,0,0,0,0,0,-7,0,-10,-14,0,0,0,-7,-71,-20,-227,-215,-230,-235,-271,-115,-167,-168,-171,-173,-173,-173,-168,-168,-175,-180,-172,-169,-216,-194,-267,-256,-285,-286,-300,-285,-316,-221,-332,-315,-537,-533,-531,-511,-579,-585,-728,-734,-1235,-1033,-1176,-1421,-1298,-1155,-1090,-1089,-1063,-1078,-1202,-1397,-1176,-1190]} 1. e4 e5 2. Nf3 Nc6 3. Bc4 Bc5 4. c3 Nf6 5. d4 exd4 6. e5 d5 7. Bb5 Ne4 8. cxd4 Bb6 9. Nc3 {C54: Giuoco Piano: 4 c3 Nf6, main lines with 5 d4 and 5 d3.} Bg4 10. Be3 O-O 11. h3 {The position is equal.} Bh5 12. Qb3 Bxf3 13. gxf3 Ng5 14. O-O-O Nxf3 {[%cal Rc6d4] [#]} 15. Qa4 $146 (15. Qxd5 $11 Ncxd4 16. Qe4) ({Predecessor:} 15. Qxd5 Ncxd4 16. Qe4 c5 17. Be2 Nxe2+ 18. Nxe2 Nd4 19. Kb1 Qe7 20. Nxd4 cxd4 21. Bxd4 Bxd4 22. Rxd4 {½-½ (36) Keller,H (2406)-Burgarth,U (2479) ICCF email 2007}) 15... Qh4 (15... Ncxd4 $17 {And now ...c6 would win.} 16. Bxd4 Bxd4 17. Rxd4 c6) 16. Nxd5 $2 (16. Bxc6 $11 {and White has nothing to worry.} bxc6 17. Rd3) 16... Ncxd4 $19 17. Bxd4 Bxd4 18. Qa3 c6 (18... Qxf2 19. Rhf1 $14) (18... Nxe5 19. Qg3 $19) (18... Qe4 $19 {has better winning chances.} 19. Ne7+ Kh8) 19. Ne7+ (19. Qxf3 $17 cxb5 {[#]} 20. Nf6+ $1 {[%mdl 576] Discovered Attack} Kh8 21. Ng4) 19... Kh8 20. Qxf3 {[#] Strongly threatening Nf5.} Qxe7 ({Of course not} 20... cxb5 $6 21. Nf5 $15) 21. Rxd4 Qxe5 ({Don't take} 21... cxb5 22. Qe4 $17) 22. Rhd1 {aiming for Ba4.} Qxb5 23. Kb1 Rae8 24. a3 a5 ({But not} 24... Re2 25. Rb4 $17) 25. Rd7 Kg8 26. Qf4 (26. Qd3 $142) 26... Re2 {[%csl Ge2][%cal Rb5b2]} 27. Qd4 c5 28. Qc3 Rxf2 29. Ka2 Rf1 30. R1d5 (30. Rxb7 $142 Qxb7 31. Rxf1) 30... h6 31. Rd8 $2 (31. R7d6 {might work better.}) 31... Rxd8 {Black is clearly winning.} 32. Rxd8+ {[%mdl 4096] Endgame KQR-KQR} Kh7 33. Qc2+ f5 34. Rd5 a4 35. Rxc5 Qd7 36. Rc8 Qe6+ 37. Qc4 Qxc4+ 38. Rxc4 f4 39. Rxa4 f3 40. Rf4 g5 41. Rf8 h5 {Accuracy: White = 40%, Black = 82%.} 0-1

[Event "ChessHouse GM December 2020"]
[Site "Aarhus"]
[Date "2020.12.05"]
[Round "9.2"]
[White "Danielsen, Henrik"]
[Black "Bjerre, Jonas Buhl"]
[Result "1/2-1/2"]
[WhiteElo "2517"]
[BlackElo "2551"]
[Annotator "ChessBase"]
[PlyCount "38"]
[EventDate "2020.11.29"]
[EventType "tourn"]
[EventCountry "DEN"]
[SourceTitle "playchess.com"]
[Source "ChessBase"]
[SourceQuality "1"]
[TimeControl "40/5400+30:1800+30"]

1. d4 {[%emt 0:05:39]} Nf6 2. Nf3 {[%emt 0:00:08]} d5 {[%emt 0:00:18]} 3. c4 {[%emt 0:00:10]} e6 {[%emt 0:00:30]} 4. e3 {[%emt 0:02:35]} b6 {[%emt 0:01:57]} 5. Be2 {[%emt 0:04:04]} Bd6 {[%emt 0:01:12]} 6. O-O {[%emt 0:01:08]} O-O {[%emt 0:00:52]} 7. b3 {[%emt 0:00:11]} Bb7 {[%emt 0:01:33]} 8. Bb2 {[%emt 0:00:51]} Nbd7 {[%emt 0:01:56]} 9. Nbd2 {[%emt 0:01:13]} Qe7 {[%emt 0:05:30]} 10. Qc2 {[%emt 0:08:41]} Rac8 {[%emt 0:04:33]} 11. Rfd1 {[%emt 0:05:08]} c5 {[%emt 0:02:10]} 12. Rac1 {[%emt 0:00:56]} cxd4 {[%emt 0:06:16]} 13. Nxd4 {[%emt 0:01:07]} Bb4 {[%emt 0:09:04]} 14. Qb1 {[%emt 0:04:02]} Rfd8 {[%emt 0:12:25]} 15. N4f3 {[%emt 0:01:31]} Ba3 {[%emt 0:04:52]} 16. cxd5 {[%emt 0:02:19]} Nxd5 {[%emt 0:03:17]} 17. Rxc8 {[%emt 0:08:00]} Rxc8 {[%emt 0:01:26]} 18. Rc1 {[%emt 0:00:06]} Rxc1+ {[%emt 0:04:49]} 19. Qxc1 {[%emt 0:00:01]} Bxb2 {[%emt 0:05:44]} 1/2-1/2

[Event "ChessHouse GM December 2020"]
[Site "Aarhus"]
[Date "2020.12.05"]
[Round "9.3"]
[White "Nilssen, Ellen Fredericia"]
[Black "Ramsdal, Jens Albert"]
[Result "1-0"]
[WhiteElo "2174"]
[BlackElo "2292"]
[Annotator "TA"]
[PlyCount "69"]
[EventDate "2020.11.29"]
[EventType "tourn"]
[EventCountry "DEN"]
[SourceTitle "playchess.com"]
[Source "ChessBase"]
[SourceQuality "1"]

{[%evp 21,69,0,0,-8,24,-8,-14,-11,-18,-36,70,68,79,52,329,330,322,314,366,343,468,396,397,81,446,427,360,319,439,423,572,432,484,464,29984,29985,29985,29986,29986,-640,29987,29988,29988,29989,29989,29990,29990,29989,29989,29990]} 1. d4 Nf6 2. c4 b6 3. Nc3 Bb7 4. Nf3 e6 5. a3 d5 6. cxd5 Nxd5 7. Qc2 Nxc3 8. bxc3 Be7 9. e4 O-O 10. Bd3 c5 11. O-O Qc7 12. Qe2 {E12: Queen's Indian: Unusual White 4th moves, 4 a3, 4 Nc3 Bb7 5 a3 and 4 Nc3 Bb7 .} Nc6 13. h4 Na5 14. Be3 {The position is equal.} Rac8 15. e5 {[#]} f5 $146 (15... cxd4 $15 16. cxd4 Qd7) ({Predecessor:} 15... cxd4 16. cxd4 Qc6 17. h5 Qd5 18. Rfd1 Nc4 19. a4 Nxe3 20. fxe3 f5 21. exf6 Bxf6 {1-0 (43) Khademalsharieh,S (2487)-Kosteniuk,A (2483) Xian 2019}) 16. exf6 $1 $14 Bxf6 17. Ng5 g6 $2 {[%mdl 8192] White leaves nothing to chance now.} (17... Bxg5 $14 18. hxg5 Nb3) 18. Nxe6 $18 Qc6 {[%csl Gb7][%cal Rc6g2]} 19. Qg4 Rf7 20. h5 g5 21. h6 Kh8 22. Bxg5 $2 (22. dxc5 $18 Rg8 23. Rad1) 22... Rg8 $2 {[%mdl 8192]} (22... Bxg5 $16 {is tougher.} 23. Nxg5 Rf4) 23. f4 cxd4 24. cxd4 Qd5 25. Rae1 (25. Bxf6+ $2 Rxf6 26. Ng5 Qxd4+ 27. Kh2 Rxh6+ 28. Kg3 Qxd3+ $19) 25... Bc8 {White must now prevent ...Qxd4+.} 26. Kh1 ({Don't go for} 26. Bxf6+ $2 Rxf6 27. Re5 Bxe6 $19) 26... Bxd4 27. Rf3 Bf6 (27... Nc6 $18 28. Rg3 Ne7) 28. Bxf6+ Rxf6 {[#]} 29. Qg7+ $3 {[%mdl 512]} Rxg7 30. hxg7+ Kg8 {[#]} 31. Bxh7+ $1 {[%mdl 576] Promotion. White mates.} Kxh7 32. Rh3+ Rh6 33. Rxh6+ {[%mdl 64] Overworked Piece} Kxh6 34. g8=Q Bxe6 35. Rxe6+ {Weighted Error Value: White=0.39/Black=1.19} 1-0

[Event "ChessHouse GM December 2020"]
[Site "Aarhus"]
[Date "2020.12.05"]
[Round "9.4"]
[White "Olsen, Filip Boe"]
[Black "Georgescu, Lena"]
[Result "1-0"]
[WhiteElo "2354"]
[BlackElo "2278"]
[Annotator "TA"]
[PlyCount "57"]
[EventDate "2020.11.29"]
[EventType "tourn"]
[EventCountry "DEN"]
[SourceTitle "playchess.com"]
[Source "ChessBase"]
[SourceQuality "1"]

{[%evp 14,57,55,48,61,51,64,63,63,55,66,62,58,48,41,-56,-48,-51,-27,-66,-66,-64,25,18,92,81,92,81,81,59,91,88,462,470,693,183,165,167,229,222,344,342,302,289,885,858]} 1. d4 Nf6 2. c4 e6 3. Nf3 d5 4. g3 dxc4 5. Bg2 a6 6. O-O Nc6 7. e3 Rb8 8. Nfd2 e5 {E04: Open Catalan: 5 Nf3.} 9. Bxc6+ bxc6 10. dxe5 Ng4 {White is slightly better.} 11. Nxc4 Be6 12. Nbd2 Bb4 13. b3 h5 $1 {[%cal Rh5h4] White should prevent ...h4.} 14. f3 (14. Qc2 $14) 14... Nxe3 $1 $15 {[%mdl 64] Remove Defender, Decoy} 15. Nxe3 {aiming for Ne4.} Qd4 $1 {[%csl LRa1,LRe3,LRe5][%mdl 64] [#] Double Attack} 16. Qc2 $146 {Ndc4 is the strong threat.} ({Predecessor:} 16. a3 Be7 17. Qc2 Qxe3+ 18. Kg2 h4 19. Ne4 Qxb3 20. Qxc6+ Bd7 21. Qxc7 hxg3 22. h4 Rc8 23. Nd6+ Bxd6 24. Qxd6 Rxh4 25. Bd2 Rc6 26. Rab1 Rxd6 {0-1 (26) Ravi,T (2464)-Praggnanandhaa,R (2602) Caleta 2020}) 16... Qxe3+ ({Of course not} 16... Qxa1 $6 17. Bb2 $11) 17. Kg2 Qxe5 (17... Qd4 $15 18. Rb1 (18. Qxc6+ $2 Bd7 $19) 18... h4) 18. Bb2 $11 Qg5 (18... Qf5 $1 $11 {keeps the balance.} 19. Qxc6+ Bd7 20. Qe4+ Kf8) 19. Ne4 $36 {[%mdl 2048] White is really pushing.} Qg6 20. Qxc6+ Kf8 21. Qxc7 Rc8 22. Qf4 {And now Rac1 would win.} Ke7 $2 {[%mdl 8192] Loses the game.} (22... Kg8 $16 {is a better chance.}) 23. a3 $18 f5 (23... Qh6 $142 24. Qxh6 Rxh6 25. axb4 {[%mdl 64] Discovered Attack} Kf8) 24. Qh4+ $2 (24. axb4 fxe4 25. Rxa6) 24... Ke8 {[#] Hoping for ...Be7.} 25. Nf6+ $1 {[%mdl 512]} gxf6 (25... Kf7 $142) 26. Qxb4 Rc2+ (26... Kf7 $142 27. Qb7+ (27. Rae1 Rhe8 $16) 27... Kg8 28. Qxa6 Qf7) 27. Rf2 Rxf2+ 28. Kxf2 f4 $2 {[#]} (28... Kf7 29. Qb7+ Kg8 30. Qxa6 Bf7 31. Bxf6 Kh7) 29. Re1 $1 {Weighted Error Value: White=0.41/Black=0.70} 1-0